000
00212nam a2200097Ia 4500
008
220204s9999 xx 000 0 und d
082
_a
82-3
_b
SAR
100
_a
Sartre, Jean Paul
245
0
_a
Intimacy
942
_c
BK
999
_c
28909
_d
28909